| 000 | 00802nam a2200253 a 4500 | ||
|---|---|---|---|
| 001 | BRL_663 | ||
| 005 | 20190320210836.0 | ||
| 008 | 230913s19uu----gw-o######---#000-0#spa-# | ||
| 041 | _aspa | ||
| 044 | _agw | ||
| 050 | 4 |
_aND1249 _b.P56 1900 |
|
| 245 | 1 | 0 |
_aPintura Europea en Museos Alemanes _cEditado por Ludwig Grote ; traducción del alemán por Wolfgang Halm y José Moll Marques. |
| 260 |
_aMunich _bEditorial Prestel _c[19--] |
||
| 300 |
_av. _bil. _c20 cm. |
||
| 500 | _av.3 Au730 | ||
| 505 | 0 | _aContenido: v.3 Maestros del siglo XX | |
| 650 | 1 | 4 |
_aPintura _zAlemania _914348 |
| 650 | 1 | 4 |
_aArte _xMuseos _zAlemania _924571 |
| 700 | 1 |
_aGrote, Ludwig _d1893-1974 _924572 |
|
| 700 | 1 |
_aHalm, Wolfgang _etr. _924573 |
|
| 700 | 1 |
_aMoll Marqués, José _etr. _924574 |
|
| 902 | _aGRL | ||
| 942 |
_2lcc _cB |
||
| 999 |
_c9475 _d9475 |
||